Sissi en el palacio de las hadas / (Registro nro. 10014)

Detalles MARC
000 -LIDER
fixed length control field 00768nam a22002651 4500
001 - NÚMERO DE CONTROL
Identificador de número de control 01037473
003 - IDENTIFICACDOR DE NÚMERO DE CONTROL
control field DO-SdBNP
005 - DATE AND TIME OF LATEST TRANSACTION
control field 20180205153248.0
007 - CAMPOS FIJOS DE DESCRIPCIÓN FÍSICA
fixed length control field 01037473
008 - ELEMENTOS DE LONGITUD FIJA
fixed length control field 900725s1967 sp spa
016 7# - NO. DE CONTROL DE LA AGENCIA BIB. NACIONAL
Record control number
Canceled/invalid record control number
Source BPMSU
017 ## - NÚMERO DE REGISTRO DE DERECHOS DE AUTOR
Copyright or legal deposit number
Assigning agency
035 ## - NÚMERO LOCAL
System control number
040 ## - FUENTE DE CATALOGACIÓN
Agencia que crea de manera original el registro BPMSU
Idioma de catalogación spa
Agencia que realiza la transcripción BPMSU
080 #0 - NÚMERO DE CLASIFICACIÓN DECIMAL UNIVERSAL
Universal Decimal Classification number
100 1# - ASIENTO PRINCIPAL -- NOMBRE PERSONAL
Nombre personal Isard, Marcel d'
245 10 - MENCIÓN DE TITULO
Título Sissi en el palacio de las hadas /
Medio (Designación general de material)
Mención de responsabilidad Marcel D Isard
260 ## - PUBLICACIÓN, DISTRIBUCIÓN, ETC. (PIE DE IMPRENTA)
Lugar de publicación, distribución, etc Barcelona :
Nombre del editor, distribuidor, etc. Bruguera,
Fecha de publicación, distribución, etc 1967
300 ## - DESCRIPCIÓN FÍSICA
Extensión 255 p. :
Otros detalles físicos il. ;
Dimensiones 20 cm
490 0# - MENCIÓN DE SERIES
Mención de serie Colección "Historias Selección". Serie "Sissi"
Volume/sequential designation 20
830 ## - ASIENTO SECUNDARIO DE SERIE--TÍTULO UNIFORME
Título uniforme Colección "Historias Selección". Serie "Sissi"
Volume number/sequential designation 20
942 ## - ADDED ENTRY ELEMENTS (KOHA)
Source of classification or shelving scheme Dewey Decimal Classification
Koha item type Libros
945 ## - INFORMACIÓN DE PROCESAMIENTO LOCAL
Información de procesamiento local Inventariado, 2018/ YL
956 ## - LOCAL ELECTRONIC LOCATION AND ACCESS (OCLC)
Nombre de host VMATEO
Método de acceso 10
Materiales especificados 20160506
Enlace BPM SU
Campo enlazado y núm. de secuencia 0069
Existencias
Withdrawn status Lost status Source of classification or shelving scheme Damaged status Not for loan Collection code Home library Current library Date acquired Source of acquisition Total Checkouts Barcode Date last seen Price effective from Koha item type
    Dewey Decimal Classification     Colección General Biblioteca Pública Metropolitana Salomé Ureña Biblioteca Pública Metropolitana Salomé Ureña 05/06/2016 FUNDI   BPMSU16050130 05/06/2016 05/06/2016 Libros